Common auction conditions (Record no. 104475)

MARC details
000 -LEADER
fixed length control field 01330cam a2200277 4500
001 - CONTROL NUMBER
control field L130536
008 - FIXED-LENGTH DATA ELEMENTS--GENERAL INFORMATION
fixed length control field 020917n2005 000 0 eng u
020 ## - INTERNATIONAL STANDARD BOOK NUMBER
International Standard Book Number 1842192388
035 ## - SYSTEM CONTROL NUMBER
System control number (Sirsi) u130536
041 0# - LANGUAGE CODE
Language code of text/sound track or separate title eng
050 04 - LIBRARY OF CONGRESS CALL NUMBER
Classification number 380.1 $2 18
110 2# - MAIN ENTRY--CORPORATE NAME
Corporate name or jurisdiction name as entry element Royal Institution of Chartered Surveyors
Subordinate unit Real Estate Auction Group
9 (RLIN) 4349
245 ## - TITLE STATEMENT
Title Common auction conditions
Remainder of title for auctions of real estate in England and Wales
250 ## - EDITION STATEMENT
Edition statement 2nd ed.
260 ## - PUBLICATION, DISTRIBUTION, ETC.
Place of publication, distribution, etc. London
Name of publisher, distributor, etc. RICS
Date of publication, distribution, etc. 2005
300 ## - PHYSICAL DESCRIPTION
Extent ca. 20p.
Dimensions 30cm.
505 0# - FORMATTED CONTENTS NOTE
Formatted contents note Introduction -- Glossary -- The conduct of the auction -- Conditions of sale
520 ## - SUMMARY, ETC.
Summary, etc. Coming into force on 1 October 2005 these conditions aim to strike a balance between the contractual needs of the seller and the buyer whilst making it easier use by including all the contract terms in a single document and through the use of simple headings and plain English.
520 ## - SUMMARY, ETC.
Summary, etc. Supersedes first edition (J119731).
520 ## - SUMMARY, ETC.
Summary, etc. Superseded by third edition (ISBN 9781842195291).
590 ## - LOCAL NOTE (RLIN)
Local note IKA130905
650 24 - SUBJECT ADDED ENTRY--TOPICAL TERM
Topical term or geographic name entry element RICS COMMON AUCTION CONDITIONS FOR AUCTIONS OF REAL ESTATE IN ENGLAND AND WALES
690 ## - LOCAL SUBJECT ADDED ENTRY--TOPICAL TERM (OCLC, RLIN)
Topical term or geographic name as entry element Auctioneering
9 (RLIN) 6218
856 41 - ELECTRONIC LOCATION AND ACCESS
Uniform Resource Identifier <a href="https://www.rics.org/site/scripts/download_info.aspx?downloadID=3314">https://www.rics.org/site/scripts/download_info.aspx?downloadID=3314</a>
Public note View the condition free of charge at www.rics.org...
942 ## - ADDED ENTRY ELEMENTS (KOHA)
Suppress in OPAC 0
Holdings
Withdrawn status Lost status Source of classification or shelving scheme Damaged status Not for loan Home library Current library Shelving location Date acquired Total Checkouts Full call number Barcode Date last seen Copy number Price effective from Koha item type Date last checked out
    Dewey Decimal Classification     London London RICS Boxes 08/09/2005   RICS 2005/30 30070725 06/08/2019 1 06/08/2019 Archive  
    Dewey Decimal Classification     London London RICS Boxes 28/10/2005 1 RICS 2005/30 30071420 06/08/2019 5 06/08/2019 Reference material 28/06/2006
    Dewey Decimal Classification     London London RICS Boxes 28/10/2005 1 RICS 2005/30 30071421 06/08/2019 6 06/08/2019 Book 20/04/2006